000
00271nam a22001097a 4500
008
230704b xxu||||| |||| 00| 0 eng d
082
_a
354.6
_b
WAR 1985
245
_a
Report of the Civil Service Review Committee 19785
260
_c
1985
300
_a
130p
942
_2
ddc
_c
BK
999
_c
3735
_d
3735